000 00410nam a2200145Ia 4500
008 240729s9999 xx 000 0 und d
022 _a2476-2946
245 0 _aJournal of Sleep Sciences
260 _aIran, Islamic Republic of
260 _bTehran University of Medical Sciences
650 _aMedicine
856 _uhttps://doaj.org/toc/5a6dbf6a8ed6440b9cad91ab8a9e68d3
942 _2ddc
942 _cDOAJEJ
999 _c65674
_d65674
945 _a1
_bMadushi Gamage
_c1
_dMadushi Gamage